000
00274nam a22001097a 4500
008
230619b xxu||||| |||| 00| 0 eng d
082
_a
016.30
_b
LIK
100
_c
Muthoni Likimani
245
_a
Women of Kenya
_b
Fifteen years of independence
300
_a
76p
942
_2
ddc
_c
BK
999
_c
1152
_d
1152